| 000 | 00727nam a2200217 a 4500 | ||
|---|---|---|---|
| 001 | 000005086 | ||
| 003 | DO-SdBNP | ||
| 005 | 20230207125027.0 | ||
| 008 | 090729s2000 dr 001 spa d | ||
| 040 |
_aDO-SdBNP _bspa _cBNPHU |
||
| 082 |
_axxx _bM896d _222 |
||
| 100 | 1 |
_aMoscoso Segarra, Alejandro A. _914606 |
|
| 245 | 1 | 0 |
_aDocumentos internacionales sobre lavado de dinero / _ccompiladores; Alejandro A. Moscoso Segarra y Olivo A. Rodríguez Huertas. |
| 260 |
_aSanto Domingo, : _bProcuraduría General de la República, _c2000. |
||
| 300 |
_a329 p. ; _c21 cm. |
||
| 500 | _aIncluye tabla de contenido | ||
| 500 | _aIncluye datos biográficos | ||
| 590 | _aInventariado, 2023 / DG | ||
| 910 | _aDG | ||
| 942 |
_2ddc _cLBS1 |
||
| 999 |
_c4890 _d4890 |
||